Поездки в кавказские провинции. 1864-1865 (Запись № 12175083)
[ простой вид ]
| 000 -МАРКЕР | |
|---|---|
| контрольное поле | 02398nam0a2200373 4500 |
| 001 - ИДЕНТИФИКАТОР ЗАПИСИ | |
| контрольное поле | RU\NLR\BIBL_A\012490188 |
| 005 - ИДЕНТИФИКАТОР ВЕРСИИ | |
| контрольное поле | 20210524164326.0 |
| 010 ## - МЕЖДУНАРОДНЫЙ СТАНДАРТНЫЙ НОМЕР КНИГИ (ISBN) | |
| Номер (ISBN) | 978-5-604533-1-7 |
| Цена | 100 |
| 021 ## - НОМЕР ГОСУДАРСТВЕННОЙ РЕГИСТРАЦИИ | |
| Код страны | Российская Федерация |
| Номер | КН-П-20-074666 |
| Номер Листа государственной регистраци | КН-П-20-5622 |
| 035 ## - ДРУГИЕ СИСТЕМНЫЕ НОМЕРА | |
| Идентификатор записи | (NLR Aleph) 012490188 |
| 035 ## - ДРУГИЕ СИСТЕМНЫЕ НОМЕРА | |
| Идентификатор записи | (RuMoRGB)010492297 |
| 100 ## - ДАННЫЕ ОБЩЕЙ ОБРАБОТКИ | |
| Данные общей обработки | 20210330d2020 u y0rusy50 ca |
| 101 1# - ЯЗЫК РЕСУРСА | |
| Язык текста, звукозаписи и т.д. | русский |
| Язык оригинала | французский |
| 102 ## - СТРАНА ПУБЛИКАЦИИ ИЛИ ПРОИЗВОДСТВА | |
| Страна публикации | Российская Федерация |
| 105 ## - ПОЛЕ КОДИРОВАННЫХ ДАННЫХ: ТЕКСТОВЫЕ МАТЕРИАЛЫ, МОНОГРАФИЧЕСКИЕ | |
| Кодированные данные о монографическом текстовом документе | achzzzz000|y |
| 181 #0 - ПОЛЕ КОДИРОВАННЫХ ДАННЫХ: ВИД СОДЕРЖАНИЯ | |
| Код вида содержания (ISBD) | i3 |
| Код характеристики содержания (ISBD) | axxe |
| 182 #0 - ПОЛЕ КОДИРОВАННЫХ ДАННЫХ: ТИП СРЕДСТВА | |
| Код типа средства (ISBD) | n - непосредственное |
| 200 1# - ЗАГЛАВИЕ И СВЕДЕНИЯ ОБ ОТВЕТСТВЕННОСТИ | |
| Основное заглавие | Поездки в кавказские провинции. 1864-1865 |
| Первые сведения об ответственности | Василий Верещагин |
| Последующие сведения об ответственности | составление, предисловие, перевод К. А. Мальбахова |
| -- | Министерство науки и высшего образования Российской Федерации, Федеральное государственное бюджетное образовательное учреждение высшего образования "Кабардино-Балкарский государственный университет им. Х. М. Бербекова" |
| 203 ## - ВИД СОДЕРЖАНИЯ И ТИП СРЕДСТВА | |
| Вид содержания | Текст |
| Дополнительные сведения об издании | визуальный |
| Тип средства | непосредственный |
| 210 ## - ПУБЛИКАЦИЯ, РАСПРОСТРАНЕНИЕ И ДР. | |
| Место издания, распространения и т.д. | Нальчик |
| Имя издателя, распространителя и т. д. | Кабардино-Балкарский государственный университет им. Х. М. Бербекова |
| -- | Рекламно-информационное агентство на Каминводах |
| Дата издания, распространения и т.д. | 2020 |
| 215 ## - ФИЗИЧЕСКАЯ ХАРАКТЕРИСТИКА | |
| Специфическое обозначение материала и объем | 87, [1] с. |
| Другие сведения о физической характеристике | ил., портр., цв. портр., карт., факс. |
| Размеры | 30 |
| 600 #1 - ИМЯ ЛИЦА КАК ПРЕДМЕТ | |
| Начальный элемент ввода | Верещагин |
| Часть имени, кроме начального элемента ввода | В. В. |
| Даты | 1842 - 1904 |
| Расширение инициалов личного имени | Василий Васильевич |
| Тематический подзаголовок | Памятные места |
| Географический подзаголовок | Кавказ |
| Системный номер авторитетной/нормативной записи | 2473554 |
| Идентификатор авторитетной/нормативной записи | RU\NLR\AUTH\6601685850 |
| 606 1# - НАИМЕНОВАНИЕ ТЕМЫ КАК ПРЕДМЕТ | |
| Наименование темы | Быт и нравы |
| Формальный подзаголовок | Воспоминания, записки и т.п |
| Географический подзаголовок | Кавказ |
| Хронологический подзаголовок | 19 в. |
| Системный номер авторитетной/нормативной записи | 2473773 |
| Идентификатор авторитетной/нормативной записи | RU\NLR\AUTH\6601685949 |
| 606 1# - НАИМЕНОВАНИЕ ТЕМЫ КАК ПРЕДМЕТ | |
| Наименование темы | Народы Кавказа |
| Тематический подзаголовок | Этнографические исследования |
| Системный номер авторитетной/нормативной записи | 2296358 |
| Идентификатор авторитетной/нормативной записи | RU\NLR\AUTH\661375036 |
| 686 1# - ИНДЕКСЫ ДРУГИХ КЛАССИФИКАЦИЙ | |
| Индекс | Т3(24)5-75,013 |
| 686 1# - ИНДЕКСЫ ДРУГИХ КЛАССИФИКАЦИЙ | |
| Индекс | Щ143(2Р=Рус)52-8Верещагин |
| 686 1# - ИНДЕКСЫ ДРУГИХ КЛАССИФИКАЦИЙ | |
| Индекс | Т52(24) |
| 700 #1 - ИМЯ ЛИЦА - ПЕРВИЧНАЯ ОТВЕТСТВЕННОСТЬ | |
| Графика поля | Кириллица |
| Материалы, к которым относится поле | rus |
| Начальный элемент ввода | Верещагин |
| Часть имени, кроме начального элемента ввода | В. В. |
| Дополнения к именам, кроме дат | художник |
| Даты | 1842-1904 |
| Расширение инициалов личного имени | Василий Васильевич |
| Системный номер авторитетной/нормативной записи | 99648 |
| Идентификатор авторитетной/нормативной записи | RU\NLR\AUTH\77116723 |
| 942 ## - ДОПОЛНИТЕЛЬНЫЕ ЭЛЕМЕНТЫ ЗАПИСИ (АБИС) | |
| Тип экземпляра АБИС | Книга |
| 980 ## - КОЛЛЕКЦИЯ | |
| Название коллекции | НБР |
| 980 ## - КОЛЛЕКЦИЯ | |
| Название коллекции | Национальная библиография |
Нет доступных экземпляров.